| 000 | 00834cam a2200277 4500 | ||
|---|---|---|---|
| 001 | |||
| 008 | 000000n2000 000 0 eng u | ||
| 020 | _a1899769536 | ||
| 035 | _a(Sirsi) u106839 | ||
| 100 | _aCherry, Stephen | ||
| 245 | _aIT and the Chartered Surveyor - a CPD study pack | ||
| 260 |
_aOxford _bCollege of Estate Management _c2000 |
||
| 300 |
_av,22p. _c30cm. + 1 audio cassette (ca. 60 min.) |
||
| 490 | _aCollege of Estate Management CPD Study Pack | ||
| 520 | _aSuperseded by second edition (ISBN 1904388132). | ||
| 650 | _aINTERNET | ||
| 650 | _aE-MAIL | ||
| 650 | _aAUDIO CASSETTES | ||
| 650 | _aCPD | ||
| 650 | _aINTRANET | ||
| 650 | _aTELECOMMUNICATIONS | ||
| 650 | _aCOMMUNICATIONS | ||
| 650 | _aWORKSTYLES | ||
| 690 | _aMANAGEMENT-BUSINESS MANAGEMENT-INFORMATION MANAGEMENT | ||
| 942 | _n0 | ||
| 999 |
_c100632 _d100632 |
||